| 000 | 00431nam a2200181Ia 4500 | ||
|---|---|---|---|
| 005 | 20250423100226.0 | ||
| 008 | 250422s9999 xx 000 0 und d | ||
| 020 | _a978017043X | ||
| 050 | _aKP 147 .N2/ | ||
| 100 | _aNwadialo, Fidelis | ||
| 245 | 0 | _aMobern Nigerian law of evidence | |
| 250 | _a2nd ed. | ||
| 260 | _aLagos | ||
| 260 | _bUniversity of Lagos press | ||
| 260 | _c1999 | ||
| 650 | _aNigerian law | ||
| 942 | _cBK | ||
| 999 |
_c32657 _d32657 |
||